000
00374nam a22001577a 4500
003
MPLRDC
005
20220104123416.0
008
210129b ||||| |||| 00| 0 eng d
082
_a
388.895 DCS
100
_a
邓树昭编著
245
_a
鸽子饲育法
_c
260
_a
_b
大地出版社
_c
300
_b
平
650
_a
各种鸟类--鸽
942
_c
BK
_o
388.895 DCS
999
_c
11193
_d
11183